Регионална библиотека "Любен Каравелов" - Русе

Изобразително изкуство за ІІ клас (Запис номер 109491)

MARC детайли
000 -Лидер
Контролно поле с фиксирана дължина 01789nam a2200397 a 4500
003 - Код на организацията, давaща контролен номер
Контролно поле BLK
005 - Дата и час на последна редакция
Контролно поле 20241216135026.0
008 - Елементи от данни с фиксирана дължина
fixed length control field 180409b bul|||||r ||||||| ||bul||
010 ## - Наследен системен номер
LC control number KNG00114808000
020 ## - Международен стандартен номер на книга ISBN
Международен стандартен номер на книга ISBN 954-01-1421-7
040 ## - Източник на каталожния запис
Идентификатор на билиотеката - собственик на записа BLK
041 ## - Код за език
Код за езика на текст/звукозапис или на отделно заглавие Български
Код за езика КДБФ Български
080 ## - УДК
Текстов определител УДК Изобразително изкуство в основното училище
УДК код - определител по УДК 372.875
УДК определител (075.2)
УДК - код + определител 372.875(075.2)
100 1# - Редна дума - Автор
Автор Димитров, Димитър Георгиев
Авторска отговорност първи автор
R(LIN) 364131
139 ## - Редно поле
Редна дума Димитров, Димитър Георгиев и др.
Авторски знак Дими - Д 58
245 10 - Сведения за заглавието
Заглавие Изобразително изкуство за ІІ клас
Редно поле (дума) Димитър Георгиев Димитров; съавт. Петер Кънчев Цанев; съавт. Ралица Пантева Карапантева.
257 ## - Страна на издаване
Страна на създаване/издаване България
260 ## - Област на издателските данни
Име на издателя, разпространителя и проч. Просвета
Година на издаване 2003
Печатница София : Образование и наука
Място на издаване, разпространение и проч. София
300 ## - Физическа характеристика
Страници 80 с.
Илюстрации и др. с ил.
Размери/Мащаб 26 см
380 ## - Жанр
Жанр Обществени науки
500 ## - Общи забележки
Забележка Авт. не са отбелязяни на кор. - Офс. изд.
650 #4 - Допълнително описание по предмет – тема
Основно описание – тема или топоним Изобразително изкуство - учебници за основни училища
9 (RLIN) 254793
653 ## - Ключова дума – ненормативна
Ключова дума рисуване
653 ## - Ключова дума – ненормативна
Ключова дума учебници за основни училища
653 ## - Ключова дума – ненормативна
Ключова дума ІІ кл.
653 ## - Ключова дума – ненормативна
Ключова дума изобразително изкуство
700 1# - Други автори (авторска отговорност)
Лично име Цанев, Петер Кънчев
9 (RLIN) 138980
700 1# - Други автори (авторска отговорност)
Лично име Карапантева, Ралица Пантева
Автороска отговорност (Описва отношението между автора и произведението) съавт.
9 (RLIN) 76837
852 ## - Местоположение
Форматна сигнатура Цб ІІ 12772
856 4# - Електронен адрес и достъп
Електронен формат pdf - файл
856 4# - Електронен адрес и достъп
Електронен формат pdf - файл
999 ## - СИСТЕМНИ КОНТРОЛНИ НОМЕРА
Koha biblionumber 109491
Koha biblioitemnumber 109491
942 ## - АРТИКУЛИ
Вид на библиотечния материал Книги
Скрит в OPAC Не
Периодичен библиозапис Да
944 ## - СЪЗДАВАНЕ И РЕДАКЦИЯ на ЗАПИСА
Създаване/Редакция Създаване
Дата на регистрацията/редакция 26.08.2004
Служител, извършил регистрацията/редакцията 30560
Статус, дата на статуса Геновева Генчева
944 ## - СЪЗДАВАНЕ И РЕДАКЦИЯ на ЗАПИСА
Създаване/Редакция Редакция
Дата на регистрацията/редакция 28.03.2018
Служител, извършил регистрацията/редакцията Виолета_Тройчева
999 ## - СИСТЕМНИ КОНТРОЛНИ НОМЕРА
Koha biblioitemnumber 109491
Наличности
Код за отписване Код за изгубен артикул Източник на класификационната схема Код за повреда Коз за рестрикции Код за отдаване Артикулен № Име на библиотеката - собственик Име на библиотеката, в която се намира в момента Статус (Текущо местоположение) Дата на вписване в системата Местоположение - отдел Цена в лева Инвентарен номер Систематично азбучна сигнатура Баркод Номер на екземпляра Цена в евро Служебна бележка Служебен тип на артикула
  Не е изгубен Universal Decimal Classification Не е повреден само за читалня ползва се в читалня 176349 Регионална библиотека "Любен Каравелов" Русе Регионална библиотека "Любен Каравелов" Русе Хранилище 2004-08-26 Хранилище 4.90 120000687947 Цб ІІ 12772 120000687947 1 2.51 Дост: Dp Вид: Д N: 45 Дата: 29.10.2003 Книги
  Не е изгубен Universal Decimal Classification Не е повреден без рестрикции заемане за дома 176350 Регионална библиотека "Любен Каравелов" Русе Регионална библиотека "Любен Каравелов" Русе Детски отдел 2005-03-25 Детски отдел 4.90 120000692594 ДН 373.3.016/Д 58 120000692594 2 2.51 Дост: DA Вид: А N: 5 Дата: 25.03.2005 Дата инв: 21.08.2015 Бележки инв: Д2015 Книги
  Не е изгубен Universal Decimal Classification Не е повреден без рестрикции заемане за дома 176351 Регионална библиотека "Любен Каравелов" Русе Регионална библиотека "Любен Каравелов" Русе Детски отдел 2007-01-08 Детски отдел 4.90 120000708273 ДН 373.3.016/Д 58 120000708273 3 2.51 Дост: DA Вид: А N: 1 Дата: 05.01.2007 Дата инв: 21.08.2015 Бележки инв: Д2015 Книги
Vip Innovations Ltd, Rousse, Bulgaria 2025